000 00239nam a2200097Ia 4500
001 805647
005 20250826171156.0
008 250824s9999 xx 000 0 und d
245 0 _aBİR TATLI HUZUR
_cAYŞE KULİN
260 _bEVEREST YAYINLARI
999 _c805647
_d805647